[Event "Regionalliga NW 1011"]
[Site "Bayern"]
[Date "2010.11.14"]
[Round "3.8"]
[White "Schrepfer, Maximilian"]
[Black "Becker, Alexander1111"]
[Result "1/2-1/2"]
[WhiteElo "1682"]
[BlackElo "1933"]
[PlyCount "52"]
[EventDate "2010.10.10"]
[EventType "team-tourn"]
[EventRounds "9"]
[EventCountry "GER"]
[SourceTitle "EXT 2012"]
[Source "ChessBase"]
[SourceDate "2011.11.24"]
[SourceVersion "1"]
[SourceVersionDate "2011.11.24"]
[SourceQuality "1"]
[WhiteTeam "Bamberg II"]
[BlackTeam "Kronach"]
[WhiteTeamCountry "GER"]
[BlackTeamCountry "GER"]

1. d4 Nf6 2. Nf3 e6 3. c4 b6 4. a3 Bb7 5. Bf4 c5 6. e3 Be7 7. Nc3 cxd4 8. Nxd4 a6 9. Nf3 d6 10. Be2 0-0 11. 0-0 Qc7 12. Qb3 Nbd7 13. Rac1 Nc5 14. Qc2 Rac8 15. Rfd1 Rfd8 16. Nd2 h6 17. b4 Ncd7 18. Nce4 e5 19. Bg3 b5 20. Qb1 Qb6 21. h3 Nxe4 22. Nxe4 bxc4 23. Rxc4 Nf6 24. Nxf6+ Bxf6 25. Rxc8 Rxc8 26. Rc1 Bd8 1/2-1/2

[Event "Oberfranken-ch U18 0910"]
[Site "Schney"]
[Date "2010.01.03"]
[Round "1"]
[White "Duezardic, Hakan"]
[Black "Schrepfer, Maximilian"]
[Result "0-1"]
[WhiteElo "1852"]
[BlackElo "1550"]
[PlyCount "131"]
[EventDate "2010.01.03"]
[EventType "swiss"]
[EventRounds "7"]
[EventCountry "GER"]
[SourceTitle "EXT 2015"]
[Source "ChessBase"]
[SourceDate "2014.11.20"]
[SourceVersion "1"]
[SourceVersionDate "2014.11.20"]
[SourceQuality "1"]

1. e4 e6 2. d4 d5 3. Nc3 Nf6 4. e5 Nfd7 5. Nf3 a6 6. Bg5 Be7 7. Bxe7 Qxe7 8. Bd3 c5 9. dxc5 Nxc5 10. Qd2 Nc6 11. 0-0-0 Bd7 12. h4 b5 13. Rh3 b4 14. Nb1 a5 15. Rg3 f5 16. exf6 Qxf6 17. Ng5 h6 18. Rf3 hxg5 19. Rxf6 gxf6 20. hxg5 Nxd3+ 21. Qxd3 fxg5 22. Qg6+ Ke7 23. Qxg5+ Kd6 24. Nd2 Kc7 25. Nf3 Raf8 26. Qg3+ Kb7 27. Ne5 Rhg8 28. Qe3 Nxe5 29. Qxe5 Rxf2 30. Qd6 Rg7 31. Rh1 Rfxg2 32. Rh8 Bc8 33. Qc5 Rxc2+ 34. Qxc2 Rc7 35. Rh7 Bd7 36. Rxd7 Rxd7 37. Qa4 Rc7+ 38. Kd2 Kb6 39. Qe8 Rc6 40. a4 bxa3 41. bxa3 a4 42. Qb8+ Ka6 43. Qb4 Rc4 44. Qd6+ Kb5 45. Qxe6 Kc5 46. Qe7+ Kc6 47. Kd3 Re4 48. Qf6+ Kc5 49. Qf8+ Kc6 50. Qh6+ Kc5 51. Qc1+ Kd6 52. Qc8 Rc4 53. Qb7 Ke6 54. Qb8 Re4 55. Qf8 Rc4 56. Qh6+ Ke5 57. Qe3+ Kd6 58. Ke2 Re4 59. Kd3 Rxe3+ 60. Kxe3 Kc5 61. Kd3 d4 62. Kd2 Kc4 63. Kc2 d3+ 64. Kb2 Kd4 65. Kc1 Kc3 66. Kd1 0-1

[Event "GER-chT U16"]
[Site "Verden an der Aller"]
[Date "2009.12.29"]
[Round "5.3"]
[White "Schrepfer, Maximilian"]
[Black "Hanisch, Paul"]
[Result "0-1"]
[WhiteElo "1550"]
[BlackElo "1361"]
[PlyCount "55"]
[EventDate "2009.12.27"]
[EventType "team-swiss"]
[EventRounds "7"]
[EventCountry "GER"]
[SourceTitle "EXT 2022"]
[Source "ChessBase"]
[SourceDate "2021.10.06"]
[SourceVersion "1"]
[SourceVersionDate "2021.10.06"]
[SourceQuality "1"]
[WhiteTeam "Bamberg SC U16"]
[BlackTeam "Dresden Striesen U16"]
[WhiteTeamCountry "GER"]
[BlackTeamCountry "GER"]

1. d4 Nf6 2. c4 e5 3. dxe5 Ne4 4. Nf3 Bb4+ 5. Bd2 Bxd2+ 6. Nbxd2 Nxd2 7. Qxd2 0-0 8. e3 Nc6 9. Be2 Re8 10. 0-0 Nxe5 11. Rfd1 Qf6 12. Rac1 d6 13. Nd4 Bd7 14. Qc3 Ng4 15. Bxg4 Bxg4 16. Rd2 Re7 17. h3 Be6 18. c5 dxc5 19. Qxc5 c6 20. Rcd1 Bd5 21. Qc3 Qg6 22. Nf3 Bxf3 23. Rd8+ Re8 24. g3 Raxd8 25. Re1 Rd1 26. Kh2 Rxe1 27. Qxe1 Qc2 28. g4 0-1

[Event "GER-chT U16"]
[Site "Verden an der Aller"]
[Date "2009.12.28"]
[Round "4.3"]
[White "Schrepfer, Maximilian"]
[Black "Jerinic, Milan"]
[Result "1/2-1/2"]
[WhiteElo "1550"]
[BlackElo "1552"]
[PlyCount "83"]
[EventDate "2009.12.27"]
[EventType "team-swiss"]
[EventRounds "7"]
[EventCountry "GER"]
[SourceTitle "EXT 2022"]
[Source "ChessBase"]
[SourceDate "2021.10.06"]
[SourceVersion "1"]
[SourceVersionDate "2021.10.06"]
[SourceQuality "1"]
[WhiteTeam "Bamberg SC U16"]
[BlackTeam "Herzogenrath U16"]
[WhiteTeamCountry "GER"]
[BlackTeamCountry "GER"]

1. d4 d5 2. c4 c6 3. Nc3 Nf6 4. Nf3 e6 5. Bg5 h6 6. Bh4 g5 7. Bg3 dxc4 8. e3 b5 9. a4 Bb4 10. Ne5 Bb7 11. h4 Rg8 12. hxg5 hxg5 13. Qf3 Qe7 14. Rh6 Nfd7 15. Rh7 Nxe5 16. Bxe5 Nd7 17. Bg3 Nf8 18. Rh5 0-0-0 19. Qe4 a6 20. f4 c5 21. Qc2 cxd4 22. exd4 Rxd4 23. b3 Re4+ 24. Kd2 gxf4 25. Bf2 Qf6 26. axb5 Bxc3+ 27. Qxc3 Qxc3+ 28. Kxc3 axb5 29. Rxb5 Nd7 30. bxc4 Re5 31. c5 Bc6 32. Rb4 Bxg2 33. Rxf4 Bxf1 34. Rxf1 f5 35. Rc4 Kc7 36. c6 Nf6 37. Bd4 Nd5+ 38. Kb3 Rb8+ 39. Kc2 Re4 40. Kd2 Rxd4+ 41. Rxd4 Kxc6 42. Rc4+ 1/2-1/2

[Event "Oberfranken-ch U16 0809"]
[Site "Schney"]
[Date "2009.01.05"]
[Round "7"]
[White "Buecker, Florian"]
[Black "Schrepfer, Maximilian"]
[Result "1/2-1/2"]
[WhiteElo "1549"]
[BlackElo "1530"]
[PlyCount "38"]
[EventDate "2009.01.02"]
[EventType "swiss"]
[EventRounds "7"]
[EventCountry "GER"]
[SourceTitle "EXT 2012"]
[Source "ChessBase"]
[SourceDate "2011.11.24"]
[SourceVersion "1"]
[SourceVersionDate "2011.11.24"]
[SourceQuality "1"]

1. e4 e6 2. d4 d5 3. exd5 exd5 4. Bd3 Nf6 5. Ne2 Bd6 6. Bf4 Be6 7. 0-0 0-0 8. Nd2 c6 9. Bxd6 Qxd6 10. Ng3 Bg4 11. f3 Bh5 12. Nxh5 Nxh5 13. c3 Nd7 14. Rf2 Rfe8 15. Nf1 Nf4 16. Ng3 Nxd3 17. Qxd3 Re6 18. Re2 Rae8 19. Rae1 Nf8 1/2-1/2

[Event "Oberfranken-ch op 0607"]
[Site "Schney"]
[Date "2007.01.02"]
[Round "1"]
[White "Lieb, Fabian"]
[Black "Schrepfer, Maximilian"]
[Result "1-0"]
[WhiteElo "1409"]
[BlackElo "1069"]
[PlyCount "153"]
[EventDate "2007.01.02"]
[EventType "swiss"]
[EventRounds "9"]
[EventCountry "GER"]
[SourceTitle "EXT 2024"]
[Source "ChessBase"]
[SourceDate "2023.10.10"]
[SourceVersion "1"]
[SourceVersionDate "2023.10.10"]
[SourceQuality "1"]

1. e4 e5 2. Nf3 Nc6 3. Bb5 Bc5 4. 0-0 d6 5. c3 Bg4 6. d4 Bb6 7. d5 a6 8. Ba4 Nge7 9. dxc6 bxc6 10. Bg5 f6 11. Bh4 Ng6 12. Bxc6+ Kf7 13. Qb3+ Kf8 14. Nbd2 Rb8 15. Qc4 a5 16. h3 Bd7 17. Nb3 Ne7 18. Bxd7 Qxd7 19. Rfd1 h5 20. Nbd2 g5 21. Bxg5 fxg5 22. Nxg5 Ke8 23. Qf7+ Kd8 24. Nc4 h4 25. Ne6+ Kc8 26. Nf8 Qd8 27. Nxb6+ Rxb6 28. Qe6+ Kb7 29. Nd7 Rxb2 30. Rab1 Rxb1 31. Rxb1+ Ka7 32. Qb3 Qc8 33. Qb5 Qa6 34. Qxa6+ Kxa6 35. Kh2 Rh7 36. g3 hxg3+ 37. fxg3 Ng6 38. Nb8+ Ka7 39. Nc6+ Ka6 40. h4 Nxh4 41. gxh4 Rxh4+ 42. Kg3 Rxe4 43. Kf3 Rc4 44. Ne7 Rxc3+ 45. Ke4 Rc4+ 46. Kd5 Rc5+ 47. Ke6 e4 48. Nd5 e3 49. Re1 Kb7 50. Rxe3 Kc8 51. Rc3 Rxc3 52. Nxc3 Kb7 53. Kd5 Kb6 54. a4 Kb7 55. Nd1 Kb6 56. Ne3 Kb7 57. Nc4 Ka6 58. Kc6 Ka7 59. Kxc7 d5 60. Ne5 d4 61. Kc6 Ka6 62. Kc5 Ka7 63. Kxd4 Kb6 64. Kc4 Ka6 65. Kc5 Ka7 66. Nc4 Ka6 67. Kc6 Ka7 68. Kb5 Kb7 69. Kxa5 Ka7 70. Nd6 Ka8 71. Kb6 Kb8 72. Nb5 Ka8 73. Nc7+ Kb8 74. a5 Kc8 75. a6 Kb8 76. a7+ Kc8 77. a8Q+ 1-0